Same Author, Different Characters Quiz Stats

Quiz Updated Mar 6, 2015

Challenge
Share
Tweet
Score 0/14 Timer 06:00
3 Plays Today
% Correct
Dr. Seuss
86.3%
J.R.R. Tolkien
84.4%
William Shakespeare
71.6%
Charles Dickens
70.6%
Ian Fleming
65.6%
Leo Tolstoy
63.8%
Mark Twain
62.9%
% Correct
Jane Austen
60.5%
George Orwell
43.5%
Robert Louis Stevenson
39.1%
John Steinbeck
27.3%
Jules Verne
26.6%
Kurt Vonnegut
23.1%
Ernest Hemingway
14.1%

You're not logged in!

Compare scores with friends on all Sporcle quizzes.
Sign Up with Email
OR
Log In

You Might Also Like...

Show Comments

Extras

Top Quizzes Today


Score Distribution

Your Account Isn't Verified!

In order to create a playlist on Sporcle, you need to verify the email address you used during registration. Go to your Sporcle Settings to finish the process.